K slovenskej literárnej tvorbe... /inc./

Bibliographic Details
Main Author: Bartalská, Ľubica, 1943-2014 (Author)
Format: Article
Language:Slovak
Subjects:

MARC

LEADER 00000nab a2200000 a 4500
001 vtls000396908
003 SK-MaSNL
005 20260302232021.0
008 160215c1990 xo 0 slo
015 |a SNBRB19rr/mm-uuuuu 
035 |a CL0397032 
040 |a SNKBUCL  |b slo  |c SNKBUCL  |e AACR2 
041 0 |a slo 
044 |a xo  |c SK 
080 |a 82:929:885.4 (73)  |2 1981 
080 |a 929  |2 1981 
080 |a 885.4 (73)  |2 1981 
080 |a 323.113(73=854)  |2 1981 
080 |a 929 Mlynarovič, Miloš Klement  |2 1981 
100 1 |a Bartalská, Ľubica,  |d 1943-2014  |4 aut  |9 106026 
245 1 0 |a K slovenskej literárnej tvorbe... /inc./  |c Ľubica Bartalská 
600 1 7 |a Mlynarovič, Miloš Klement,  |d 1887-1971  |2 snkbucl  |9 156000 
650 0 7 |a Slováci v zahraničí  |2 snkbucl  |9 14695 
655 7 |a články z novín a časopisov  |2 snkbucl  |9 267496 
655 7 |a články z odboru literárna veda a krásna literatúra  |2 snkbucl  |9 770045 
773 0 |t Literárny týždenník  |g Roč. 3, č. 41 (1990), s. 7 
850 |a Slovenská národná knižnica v Martine  |a MTA001 
852 |a SNK  |b KIS3GCP 
958 |a BX 
958 |a RK 
958 |a LX 
999 |c 1541021  |d 1542951